[Event "4. Bayer Open"]
[Site "Leverkusen"]
[Date "2007.03.12"]
[Round "6"]
[White "Friedsam, Manfred"]
[Black "Hingst, Dieter Max"]
[Result "1-0"]
[WhiteElo "1804"]
[BlackElo "917"]
[PlyCount "51"]
[EventDate "2007.??.??"]
[EventType "swiss"]
[EventRounds "7"]
[EventCountry "GER"]
[Source "Manfred Birnkot"]
[SourceDate "2007.03.26"]

1. e4 e5 2. Nf3 Nc6 3. d4 Nf6 4. dxe5 Nxe4 5. Bd3 Bb4+ 6. c3 Nxc3 7. bxc3 Bc5
8. O-O O-O 9. Nbd2 d6 10. exd6 Bxd6 11. Qc2 g6 12. Ne4 Ne5 13. Nxe5 Bxe5 14.
Bg5 f6 15. Bh6 Re8 16. Rad1 f5 17. Bc4+ Be6 18. Bxe6+ Rxe6 19. Rxd8+ Rxd8 20.
Ng5 Rb6 21. f4 Bd6 22. c4 Bc5+ 23. Kh1 Rbd6 24. h4 Rd2 25. Qc3 Rd1 26. Qg7# 1-0

[Event "4. Bayer Open"]
[Site "Leverkusen"]
[Date "2007.03.12"]
[Round "6"]
[White "Fröhling, Ewald"]
[Black "Remmler, Dirk"]
[Result "0-1"]
[WhiteElo "1546"]
[BlackElo "1787"]
[PlyCount "50"]
[EventDate "2007.??.??"]
[EventType "swiss"]
[EventRounds "7"]
[EventCountry "GER"]
[Source "Manfred Birnkot"]
[SourceDate "2007.03.26"]

1. e4 e6 2. d4 d5 3. e5 c5 4. c3 Qb6 5. Nf3 Nc6 6. Bd3 Bd7 7. Bc2 f6 8. exf6
Nxf6 9. O-O Bd6 10. Re1 O-O 11. b3 cxd4 12. cxd4 Nb4 13. Bd3 Rac8 14. a3 Nxd3
15. Qxd3 Bb5 16. Qe3 Ne4 17. g3 Rf6 18. Nbd2 Nxd2 19. Bxd2 Rcf8 20. Ng5 h6 21.
Nh3 e5 22. Bc3 Rf3 23. Qd2 Rd3 24. Qc2 Rc8 25. Re3 Rcxc3 0-1

[Event "4. Bayer Open"]
[Site "Leverkusen"]
[Date "2007.03.12"]
[Round "6"]
[White "Witte, Thomas"]
[Black "Azimi, Reza"]
[Result "1-0"]
[WhiteElo "1657"]
[BlackElo "1437"]
[PlyCount "41"]
[EventDate "2007.??.??"]
[EventType "swiss"]
[EventRounds "7"]
[EventCountry "GER"]
[Source "Manfred Birnkot"]
[SourceDate "2007.03.26"]

1. e4 c5 2. f4 e5 3. Nf3 d6 4. Bc4 h6 5. fxe5 Be7 6. O-O Bg4 7. Bxf7+ Kd7 8.
exd6 Bxd6 9. Ne5+ Bxe5 10. Qxg4+ Kc7 11. Nc3 Nf6 12. Nb5+ Kb6 13. Qe6+ Nc6 14.
a4 a5 15. d3 h5 16. Bf4 Bxf4 17. Rxf4 Rh6 18. Qb3 Ka6 19. Bc4 Rc8 20. Nd6+ Ka7
21. Qxb7# 1-0

[Event "4. Bayer Open"]
[Site "Leverkusen"]
[Date "2007.03.12"]
[Round "6"]
[White "Liebsch, Conrad"]
[Black "Witte, Volker"]
[Result "0-1"]
[WhiteElo "1270"]
[BlackElo "1644"]
[PlyCount "42"]
[EventDate "2007.??.??"]
[EventType "swiss"]
[EventRounds "7"]
[EventCountry "GER"]
[Source "Manfred Birnkot"]
[SourceDate "2007.03.26"]

1. e4 e5 2. Nf3 Nf6 3. Bc4 Nxe4 4. Qe2 d5 5. d3 Nxf2 6. Nxe5 Qe7 7. Bb5+ c6 8.
Rf1 cxb5 9. Rxf2 Be6 10. b3 Nd7 11. Bb2 Nxe5 12. Bxe5 Rc8 13. Nc3 Qd7 14. O-O-O
Bb4 15. Kb2 O-O 16. Rf4 Rxc3 17. Bxc3 Bxc3+ 18. Kxc3 Qc7+ 19. Kb2 Qxf4 20. g3
Qd4+ 21. Kb1 Bg4 0-1

[Event "4. Bayer Open"]
[Site "Leverkusen"]
[Date "2007.03.12"]
[Round "6"]
[White "Stolzenberg, Peter"]
[Black "Lessing, Sebastian"]
[Result "1-0"]
[WhiteElo "1495"]
[BlackElo "1599"]
[PlyCount "69"]
[EventDate "2007.??.??"]
[EventType "swiss"]
[EventRounds "7"]
[EventCountry "GER"]
[Source "Manfred Birnkot"]
[SourceDate "2007.03.26"]

1. d4 d5 2. Bf4 Bf5 3. Nf3 e6 4. e3 Nf6 5. c3 Bd6 6. Bg5 O-O 7. Nbd2 h6 8. Bh4
Nbd7 9. Be2 Qe8 10. O-O Be4 11. Nxe4 Nxe4 12. Nd2 Ndf6 13. Nxe4 Nxe4 14. f3 Ng5
15. Bxg5 hxg5 16. e4 f6 17. Qb3 Qh5 18. g3 Kf7 19. exd5 Rh8 20. dxe6+ Ke7 21.
Kf2 Qxh2+ 22. Ke1 Qxg3+ 23. Kd1 Qf4 24. Qb5 Rhd8 25. d5 a6 26. Qd3 c6 27. Qg6
Bb4 28. Qxg7+ Kd6 29. cxb4 Qd4+ 30. Kc2 cxd5 31. Rad1 Rdc8+ 32. Kb1 Qxb4 33.
Qd7+ Ke5 34. Qxd5+ Kf4 35. Rd4+ 1-0

[Event "4. Bayer Open"]
[Site "Leverkusen"]
[Date "2007.03.12"]
[Round "6"]
[White "Kolleck, Wolf-Dieter"]
[Black "Liebsch, Felix"]
[Result "1/2-1/2"]
[WhiteElo "1582"]
[BlackElo "1008"]
[PlyCount "31"]
[EventDate "2007.??.??"]
[EventType "swiss"]
[EventRounds "7"]
[EventCountry "GER"]
[Source "Manfred Birnkot"]
[SourceDate "2007.03.26"]

1. e4 e5 2. Nf3 Nc6 3. Nc3 Nf6 4. Nxe5 Nxe5 5. d4 Nc6 6. e5 Ng8 7. Be2 Bb4 8.
O-O Nge7 9. Bg5 O-O 10. Nd5 Re8 11. c3 Ba5 12. b4 Bb6 13. b5 h6 14. Bh4 g5 15.
Nf6+ Kf8 16. Qd2 1/2-1/2

[Event "4. Bayer Open"]
[Site "Leverkusen"]
[Date "2007.03.12"]
[Round "6"]
[White "Heilmann, Bernhard"]
[Black "Seelig, Jochen"]
[Result "1-0"]
[WhiteElo "1506"]
[BlackElo "1333"]
[PlyCount "47"]
[EventDate "2007.??.??"]
[EventType "swiss"]
[EventRounds "7"]
[EventCountry "GER"]
[Source "Manfred Birnkot"]
[SourceDate "2007.03.26"]

1. e4 b6 2. d4 Bb7 3. Nd2 e6 4. Ngf3 Nf6 5. e5 Ne4 6. Nxe4 Bxe4 7. Bd3 Bxf3 8.
Qxf3 Nc6 9. c3 f5 10. exf6 Qxf6 11. Qh5+ g6 12. Bg5 Qg7 13. Qh4 Be7 14. Bxe7
Nxe7 15. Qe4 c6 16. O-O-O Rf8 17. f4 Nd5 18. Rdf1 b5 19. Rf3 O-O-O 20. c4 Nf6
21. Qe5 a6 22. cxb5 axb5 23. Bxb5 Nh5 24. Ba6# 1-0

[Event "4. Bayer Open"]
[Site "Leverkusen"]
[Date "2007.03.12"]
[Round "6"]
[White "Hoeper, Heinz-Joachim"]
[Black "Reiter, Ute"]
[Result "1-0"]
[WhiteElo "1526"]
[BlackElo "1086"]
[PlyCount "71"]
[EventDate "2007.??.??"]
[EventType "swiss"]
[EventRounds "7"]
[EventCountry "GER"]
[Source "Manfred Birnkot"]
[SourceDate "2007.03.26"]

1. Nf3 b6 2. e4 Bb7 3. Nc3 Nc6 4. d4 e6 5. Bf4 d6 6. Bb5 Nge7 7. Bg5 d5 8. O-O
a6 9. Ba4 b5 10. Bb3 Qd7 11. exd5 exd5 12. Re1 O-O-O 13. a4 b4 14. Na2 a5 15.
c3 f6 16. Bd2 Ng6 17. cxb4 Bxb4 18. Nxb4 axb4 19. a5 Ba6 20. Ba4 Qd6 21. Bxc6
Qxc6 22. Bxb4 h5 23. Bc5 Nf4 24. Ra3 Kd7 25. Re7+ Kc8 26. Qb1 g5 27. b4 Bb5 28.
Qa1 g4 29. Nh4 Rhe8 30. Nf5 Ne6 31. a6 Nxc5 32. bxc5 Kb8 33. Qe1 Ka7 34. Qa5
Rxe7 35. Nxe7 Qxa6 36. Qxc7+ 1-0

[Event "4. Bayer Open"]
[Site "Leverkusen"]
[Date "2007.03.12"]
[Round "6"]
[White "van Hove, Ode"]
[Black "Kurochkin, Dimitry"]
[Result "1-0"]
[WhiteElo "1524"]
[BlackElo "884"]
[PlyCount "43"]
[EventDate "2007.??.??"]
[EventType "swiss"]
[EventRounds "7"]
[EventCountry "GER"]
[Source "Manfred Birnkot"]
[SourceDate "2007.03.26"]

1. e4 e5 2. Nf3 Nc6 3. d4 exd4 4. c3 Nf6 5. e5 Ng4 6. cxd4 d6 7. h3 Nh6 8. Bb5
Bd7 9. O-O dxe5 10. Re1 Bd6 11. dxe5 Bc5 12. Nc3 Nf5 13. Qd5 Nb4 14. Qxc5 Bxb5
15. Qxb5+ Nc6 16. Bg5 Qc8 17. e6 fxe6 18. Qxf5 Ne7 19. Rxe6 Rf8 20. Rxe7+ Kd8
21. Rd1+ Qd7 22. Qxd7# 1-0

[Event "4. Bayer Open"]
[Site "Leverkusen"]
[Date "2007.03.26"]
[Round "7"]
[White "Rotstein, Jefim"]
[Black "Balduan, Markus"]
[Result "1-0"]
[WhiteElo "2269"]
[BlackElo "2299"]
[PlyCount "144"]
[EventDate "2007.??.??"]
[EventType "swiss"]
[EventRounds "7"]
[EventCountry "GER"]
[Source "Manfred Birnkot"]
[SourceDate "2007.03.26"]

1. d4 d5 2. Nf3 Nf6 3. e3 g6 4. c4 Bg7 5. Nc3 O-O 6. cxd5 Nxd5 7. Qb3 Nb6 8.
Be2 Be6 9. Qc2 Nc6 10. O-O Nb4 11. Qb1 Bg4 12. h3 Bxf3 13. Bxf3 c6 14. Rd1 Qc7
15. Bd2 N4d5 16. Qc2 Rad8 17. a4 Nxc3 18. bxc3 Nc4 19. Be1 e5 20. Qa2 Nd6 21.
Rab1 Rfe8 22. Qb3 Re7 23. Bd2 c5 {Schwarz bietet Remis an.} 24. dxe5 Bxe5 25.
c4 b6 26. Bd5 Ne8 27. a5 Rd6 28. axb6 Rxb6 29. Qa4 Qb8 30. Rxb6 Qxb6 31. Ba5
Qa6 32. Bc6 Bc7 33. Bc3 Qxa4 34. Bxa4 Nd6 35. Rd5 Nxc4 36. Rxc5 Nb6 37. Bb3 Bd6
38. Rb5 Rc7 39. Bb2 Rc5 40. Rxc5 Bxc5 41. Kf1 Kf8 42. Bc3 Ke7 43. Ke2 h5 44. g4
hxg4 45. hxg4 f6 46. Kd3 Nd7 47. Ke4 Nb6 48. f3 Bd6 49. f4 Bc5 50. g5 fxg5 51.
fxg5 Nd7 52. Kd3 Bd6 53. Kc4 Be5 54. Bd2 Bg3 55. Kd5 Nb6+ 56. Kc6 Bd6 57. Bc3
Ba3 58. Bf6+ Ke8 59. e4 Nc8 60. e5 Ne7+ 61. Kc7 a5 62. e6 Kf8 63. Kd7 Bb4 64.
Bc2 Bc5 65. Bc3 Be3 66. Bxa5 Bxg5 67. Bb4 Bf6 68. Bxg6 Bg5 69. Be4 Bf6 70. Bd2
Kg7 71. Ke8 Nc8 72. Bb4 Na7 1-0

[Event "4. Bayer Open"]
[Site "Leverkusen"]
[Date "2007.03.26"]
[Round "5"]
[White "Mladenov, Svetlin"]
[Black "Khanukov, Boris"]
[Result "0-1"]
[WhiteElo "2304"]
[BlackElo "2297"]
[PlyCount "100"]
[EventDate "2007.??.??"]
[EventType "swiss"]
[EventRounds "7"]
[EventCountry "GER"]
[Source "Manfred Birnkot"]
[SourceDate "2007.03.26"]

1. e4 g6 2. d4 Bg7 3. Nc3 c6 4. f4 d5 5. e5 Nh6 6. Nf3 f6 7. Be2 Bg4 8. Be3 Qb6
9. Na4 Qa5+ 10. c3 Nd7 11. b4 Qc7 12. h3 Bxf3 13. Bxf3 fxe5 14. fxe5 e6 15. O-O
O-O 16. Qd3 b6 17. c4 Nf5 18. Bf2 Rae8 19. Rac1 Qd8 20. cxd5 cxd5 21. Nc3 Bh6
22. Rc2 Qe7 23. Nb5 Nb8 24. Rc7 Qxb4 25. Rb1 Qd2 26. Qxd2 Bxd2 27. Rxa7 Nc6 28.
Rc7 Rc8 29. Rxc8 Rxc8 30. Nd6 Rb8 31. Rb2 Ba5 32. Nxf5 gxf5 33. g4 Ne7 34. Rc2
f4 35. Rc7 Bb4 36. Bh4 Rc8 37. Rxe7 Rc1+ 38. Kf2 Rc2+ 39. Be2 Bxe7 40. Bxe7
Rxa2 41. Kf3 Rb2 42. Bg5 Rb3+ 43. Kxf4 Rxh3 44. Bd8 Rb3 45. Be7 Kf7 46. Bd6 b5
47. Bc5 b4 48. Bd1 Rb2 49. Ke3 b3 50. Kf4 Rf2+ 0-1

[Event "4. Bayer Open"]
[Site "Leverkusen"]
[Date "2007.03.26"]
[Round "7"]
[White "Hess, Christian"]
[Black "Cordts, Ingo"]
[Result "0-1"]
[WhiteElo "2036"]
[BlackElo "2296"]
[PlyCount "78"]
[EventDate "2007.??.??"]
[EventType "swiss"]
[EventRounds "7"]
[EventCountry "GER"]
[Source "Manfred Birnkot"]
[SourceDate "2007.03.26"]

1. d4 d5 2. Nf3 Nf6 3. Bg5 Ne4 4. Bf4 c5 5. dxc5 e6 6. Nbd2 Nxc5 7. e3 Qb6 8.
Rb1 Nc6 9. Ne5 Nd7 10. Nxd7 Bxd7 11. a3 Be7 12. Bd3 e5 13. Bg3 h5 14. h3 h4 15.
Bh2 Rd8 16. c4 Be6 17. Qc2 d4 18. e4 a5 19. f4 exf4 20. Bxf4 g5 21. Bh2 g4 22.
Bf4 Rg8 23. hxg4 Rxg4 24. O-O Kd7 25. Rf2 Rdg8 26. Kh1 Bg5 27. Bxg5 R4xg5 28.
Nf3 Rg3 29. b4 axb4 30. axb4 Qc7 31. Bf1 h3 32. b5 hxg2+ 33. Bxg2 Ne5 34. Nxd4
Ng4 35. Rd2 Rd3 36. Nf3 Rh8+ 37. Kg1 Qc5+ 38. Rf2 Ke7 39. Qb2 Rb3 0-1

[Event "4. Bayer Open"]
[Site "Leverkusen"]
[Date "2007.03.26"]
[Round "7"]
[White "Krauth, Alexander"]
[Black "Weiler, Wolfgang"]
[Result "0-1"]
[WhiteElo "2102"]
[BlackElo "2070"]
[PlyCount "136"]
[EventDate "2007.??.??"]
[EventType "swiss"]
[EventRounds "7"]
[EventCountry "GER"]
[Source "Manfred Birnkot"]
[SourceDate "2007.03.26"]

1. d4 d6 2. Nf3 g6 3. c3 Bg7 4. Bf4 Nd7 5. e3 e5 6. Bg3 Qe7 7. Be2 Nh6 8. h3
O-O 9. O-O f5 10. dxe5 dxe5 11. Re1 Nf7 12. Nbd2 b6 13. a4 a5 14. Qc2 Bb7 15.
Rad1 Kh8 16. Bh2 Nd6 17. b4 g5 18. bxa5 g4 19. axb6 gxf3 20. Bxf3 Bxf3 21. Nxf3
Nxb6 22. Ra1 Ndc4 23. Qb3 Ra5 24. Bg3 Bf6 25. Qb1 Nd6 26. Qb4 Rfa8 27. Red1
Rxa4 28. Rxa4 Rxa4 29. Qc5 Rc4 30. Qa3 f4 31. Bh2 Qe8 32. exf4 exf4 33. Nd4
Bxd4 34. cxd4 Rxd4 35. Qa1 c5 36. Rxd4 cxd4 37. Qxd4+ Kg8 38. Bxf4 Ndc8 39. Bc7
Qe6 40. Qd8+ Kg7 41. f4 Nc4 42. f5 Qe3+ 43. Kh2 Ne7 44. f6+ Kxf6 45. Qf8+ Ke6
46. Bf4 Qe4 47. Bg5 Qe5+ 48. Bf4 Qf6 49. Qb8 Kf7 50. Qc7 Qe6 51. Qc5 Qd5 52.
Qf2 Qf5 53. Qd4 {Weiss bietet Remis an.} Nb6 54. Bh6 Nbd5 55. Bd2 Nc6 56. Qc4
Qe5+ 57. Kh1 Nce7 58. Qh4 Qf5 59. Qc4 Qb1+ 60. Kh2 Qb8+ 61. Kh1 Qe5 62. Qh4
Qa1+ 63. Kh2 Qe5+ 64. Kh1 h5 65. Be1 Ng6 66. Qg3 Ngf4 67. Bd2 Qe4 68. Qf2 h4 $2
{Die restliche Notation fehlt.} 0-1

[Event "4. Bayer Open"]
[Site "Leverkusen"]
[Date "2007.03.26"]
[Round "7"]
[White "Negele, Michael"]
[Black "Schimpf, Rolf"]
[Result "1-0"]
[WhiteElo "2173"]
[BlackElo "1822"]
[PlyCount "53"]
[EventDate "2007.??.??"]
[EventType "swiss"]
[EventRounds "7"]
[EventCountry "GER"]
[Source "Manfred Birnkot"]
[SourceDate "2007.03.26"]

1. d4 d5 2. Nc3 c6 3. e4 dxe4 4. Nxe4 Nd7 5. Bd3 Ngf6 6. Ng5 e6 7. Qe2 h6 8.
Nxe6 fxe6 9. Bg6+ Ke7 10. Bd2 Qb6 11. Nf3 c5 12. dxc5 Nxc5 13. O-O Bd7 14. Ne5
Be8 15. Be3 Qc7 16. Bf4 Qb6 17. Rfd1 Ncd7 18. Nc4 Qc6 19. Rd6 Bxg6 20. Qxe6+
Kd8 21. Rxc6 bxc6 22. Ne5 Nxe5 23. Bxe5 Nd7 24. Bc3 Be8 25. Qxc6 Nb6 26. Rd1+
Bd7 27. Rxd7+ 1-0

[Event "4. Bayer Open"]
[Site "Leverkusen"]
[Date "2007.03.26"]
[Round "7"]
[White "Marcziter, Dmitrii"]
[Black "Wirths, Clara"]
[Result "1-0"]
[WhiteElo "2165"]
[BlackElo "1901"]
[PlyCount "80"]
[EventDate "2007.??.??"]
[EventType "swiss"]
[EventRounds "7"]
[EventCountry "GER"]
[Source "Manfred Birnkot"]
[SourceDate "2007.03.26"]

1. d4 Nf6 2. c4 g6 3. g3 Bg7 4. Bg2 d6 5. Nf3 O-O 6. O-O c6 7. Nc3 Nbd7 8. e4
e5 9. h3 Re8 10. Re1 Qb6 11. c5 dxc5 12. dxe5 Nxe5 13. Nxe5 Rxe5 14. Na4 Qa5
15. Bd2 Qd8 16. Bc3 Re8 17. Nxc5 Qc7 18. Qb3 b6 19. e5 Nd5 20. Bxd5 cxd5 21.
Qxd5 Bxh3 22. Ne4 Be6 23. Qd2 Red8 24. Qf4 Qe7 25. Nf6+ Bxf6 26. exf6 Qd6 27.
Re5 a5 28. Rae1 Ra7 29. Kg2 b5 30. Bd4 Ra6 31. Bc5 Qd2 32. R5e3 Kh8 33. Be7 Rg8
34. Rxe6 Qxf4 35. gxf4 fxe6 36. f7 Kg7 37. fxg8=Q+ Kxg8 38. Re5 Kf7 39. Bd8 Ra8
40. Bb6 Rb8 1-0

[Event "4. Bayer Open"]
[Site "Leverkusen"]
[Date "2007.03.26"]
[Round "7"]
[White "Rosskothen, Arnd"]
[Black "Scharff, Klaus"]
[Result "0-1"]
[WhiteElo "1991"]
[BlackElo "1922"]
[PlyCount "60"]
[EventDate "2007.??.??"]
[EventType "swiss"]
[EventRounds "7"]
[EventCountry "GER"]
[Source "Manfred Birnkot"]
[SourceDate "2007.03.26"]

1. e4 e6 2. d4 d6 3. Nc3 Ne7 4. Be3 a6 5. Nf3 h6 6. Be2 Nd7 7. O-O g5 8. Ne1 e5
9. Bh5 Bg7 10. Ne2 O-O 11. Ng3 f5 12. exf5 Nxf5 13. Nxf5 Rxf5 14. Bg4 Rf8 15.
c3 e4 16. Nc2 Nf6 17. Bxc8 Rxc8 18. d5 c6 19. dxc6 bxc6 20. Nd4 Qd7 21. Qa4 Ng4
22. Qxa6 c5 23. Ne2 Ne5 24. Ng3 d5 25. Rad1 Nd3 26. Rxd3 exd3 27. Qxd3 d4 28.
cxd4 cxd4 29. Nh5 $2 Rcd8 30. Nxg7 dxe3 0-1

[Event "4. Bayer Open"]
[Site "Leverkusen"]
[Date "2007.03.26"]
[Round "7"]
[White "Peschel, Andreas"]
[Black "Lommen, Frank"]
[Result "1-0"]
[WhiteElo "2114"]
[BlackElo "2033"]
[PlyCount "52"]
[EventDate "2007.??.??"]
[EventType "swiss"]
[EventRounds "7"]
[EventCountry "GER"]
[Source "Manfred Birnkot"]
[SourceDate "2007.03.26"]

1. Nf3 d6 2. e4 Nf6 3. Nc3 c5 4. d4 cxd4 5. Nxd4 Nc6 6. Be2 e5 7. Nf3 h6 8. O-O
Be7 9. Re1 O-O 10. Bc4 Bg4 11. h3 Bh5 12. g4 Bg6 13. Nh4 Bxe4 14. Nxe4 d5 15.
Nxf6+ Bxf6 16. Ng6 fxg6 17. Qxd5+ Kh8 18. Be3 Nd4 19. Qe4 Bh4 20. Red1 Nf3+ 21.
Kg2 Qf6 22. Qxb7 e4 23. Be2 Qe5 24. Bxf3 exf3+ 25. Kg1 Rab8 26. Qxa7 Ra8 1-0

[Event "4. Bayer Open"]
[Site "Leverkusen"]
[Date "2007.03.26"]
[Round "7"]
[White "Gutt, Oswald"]
[Black "Werner, Michael"]
[Result "1/2-1/2"]
[WhiteElo "1919"]
[BlackElo "1975"]
[PlyCount "28"]
[EventDate "2007.??.??"]
[EventType "swiss"]
[EventRounds "7"]
[EventCountry "GER"]
[Source "Manfred Birnkot"]
[SourceDate "2007.03.26"]

1. d4 Nf6 2. c4 g6 3. g3 Bg7 4. Bg2 O-O 5. Nf3 d6 6. O-O Nbd7 7. Nc3 e5 8. b3
Re8 9. Qc2 c6 10. dxe5 dxe5 11. h3 Qe7 12. Be3 Nf8 13. Rad1 Bf5 14. Qc1 Ne4
1/2-1/2

[Event "4. Bayer Open"]
[Site "Leverkusen"]
[Date "2007.03.26"]
[Round "7"]
[White "Wegener, Marcus"]
[Black "Vasiljev, Jurij"]
[Result "0-1"]
[WhiteElo "1807"]
[BlackElo "2058"]
[PlyCount "130"]
[EventDate "2007.??.??"]
[EventType "swiss"]
[EventRounds "7"]
[EventCountry "GER"]
[Source "Manfred Birnkot"]
[SourceDate "2007.03.26"]

1. e4 c5 2. Nc3 Nc6 3. f4 e6 4. Nf3 d5 5. Bb5 Nge7 6. exd5 exd5 7. Qe2 Bf5 8.
d4 cxd4 9. Nxd4 Bd7 10. Bxc6 bxc6 11. Be3 g6 12. O-O Bg7 13. f5 gxf5 14. Nb3
O-O 15. Qf2 Ng6 16. Bxa7 Ne5 17. Bd4 Ng4 18. Qg3 Bxd4+ 19. Nxd4 Qb6 20. Qf4 f6
21. Kh1 Qxb2 22. Nxf5 Bxf5 23. Qxf5 Qxc3 24. Qxg4+ Kh8 25. Rae1 Qxc2 26. Re7
Rg8 27. Qf3 Rg6 28. Re2 Qc4 29. Rfe1 Rag8 30. g3 Qg4 31. Qc3 h5 32. Qxc6 Qf3+
33. Rg2 h4 34. Kg1 h3 35. Rf2 Rxg3+ 36. hxg3 Rxg3+ 37. Kf1 Qd3+ 38. Ree2 Qd1+
39. Re1 Rg1+ 40. Kxg1 Qxe1+ 41. Kh2 Qxf2+ 42. Kxh3 Qf3+ 43. Kh4 Qf4+ 44. Kh3 d4
45. a4 Qe3+ 46. Kg4 Qg5+ 47. Kf3 Qf5+ 48. Ke2 Qe5+ 49. Kd3 Qe3+ 50. Kc2 d3+ 51.
Kb2 Kg7 52. Qg2+ Kf8 53. Qa8+ Ke7 54. Qb7+ Kd6 55. Qb4+ Ke6 56. Qc4+ Kf5 57.
Qd5+ Kf4 58. Qd6+ Qe5+ 59. Qxe5+ fxe5 60. a5 d2 61. Kc2 Ke3 62. Kd1 Kd3 63. a6
e4 64. a7 e3 65. a8=Q e2# 0-1

[Event "4. Bayer Open"]
[Site "Leverkusen"]
[Date "2007.03.26"]
[Round "7"]
[White "Wolfradt, Dirk"]
[Black "Keller, Karsten"]
[Result "1/2-1/2"]
[WhiteElo "2035"]
[BlackElo "2077"]
[PlyCount "62"]
[EventDate "2007.??.??"]
[EventType "swiss"]
[EventRounds "7"]
[EventCountry "GER"]
[Source "Manfred Birnkot"]
[SourceDate "2007.03.26"]

1. e4 c5 2. Nf3 g6 3. d4 cxd4 4. Nxd4 Bg7 5. Bc4 Nc6 6. Nxc6 bxc6 7. Qf3 e6 8.
O-O Qf6 9. Qg3 Qe5 10. Qd3 Nf6 11. Nc3 d5 12. exd5 Ng4 13. g3 Qh5 14. h4 Ne5
15. Qe2 Qxe2 16. Bxe2 exd5 17. Be3 O-O 18. Kg2 Bf5 19. Rac1 Nc4 20. Bxc4 dxc4
21. f3 h5 22. Rfd1 Rab8 23. Bxa7 Rxb2 24. Bd4 Bxc2 25. Rd2 Bxd4 26. Rcxc2 Rxc2
27. Rxc2 Ra8 28. Ne2 c5 29. Nc1 c3 30. Ne2 Rb8 31. Nxc3 Bxc3 1/2-1/2

[Event "4. Bayer Open"]
[Site "Leverkusen"]
[Date "2007.03.26"]
[Round "7"]
[White "Ziabari, Morteza"]
[Black "Ljuboschitz, Alexander"]
[Result "0-1"]
[WhiteElo "1880"]
[BlackElo "2102"]
[PlyCount "54"]
[EventDate "2007.??.??"]
[EventType "swiss"]
[EventRounds "7"]
[EventCountry "GER"]
[Source "Manfred Birnkot"]
[SourceDate "2007.03.26"]

1. e4 e5 2. Nf3 Nc6 3. Bc4 Nf6 4. Ng5 d5 5. exd5 Na5 6. Bb5+ c6 7. dxc6 bxc6 8.
Ba4 h6 9. Nf3 e4 10. Qe2 Be6 11. Ne5 Qd4 12. Bxc6+ Nxc6 13. Nxc6 Qc5 14. Nxa7
Qxa7 15. Nc3 Bc5 16. O-O Bg4 17. Qb5+ Bd7 18. Qc4 Rc8 19. Qe2 Qb7 20. d3 O-O
21. Nxe4 Nxe4 22. dxe4 Bb5 23. Qg4 Bxf1 24. Kxf1 Rfe8 25. Bxh6 Qa6+ 26. Kg1
Qxh6 27. Rf1 Qe6 0-1

[Event "4. Bayer Open"]
[Site "Leverkusen"]
[Date "2007.03.26"]
[Round "7"]
[White "Schläfer, Roland"]
[Black "Reinemer, Frank"]
[Result "1/2-1/2"]
[WhiteElo "1973"]
[BlackElo "2097"]
[PlyCount "80"]
[EventDate "2007.??.??"]
[EventType "swiss"]
[EventRounds "7"]
[EventCountry "GER"]
[Source "Manfred Birnkot"]
[SourceDate "2007.03.26"]

1. e4 Nf6 2. e5 Nd5 3. Nc3 e6 4. Nxd5 exd5 5. d4 d6 6. Nf3 Nc6 7. Bf4 Bf5 8.
Bd3 Qd7 9. c3 O-O-O 10. Qc2 Bxd3 11. Qxd3 h6 12. O-O-O dxe5 13. dxe5 Bc5 14.
Nd4 Bxd4 15. cxd4 Nb4 16. Qb3 Qc6+ 17. Kd2 Qb6 18. Be3 Qa5 19. Kc1 Qb6 20. a3
Qc6+ 21. Kd2 Na6 22. Qd3 Nb8 23. f4 g6 24. g4 h5 25. h3 hxg4 26. hxg4 Nd7 27.
f5 Rxh1 28. Rxh1 Nxe5 29. dxe5 d4 30. Bg5 Qxh1 31. Bxd8 Qh2+ 32. Qe2 Qxe2+ 33.
Kxe2 Kxd8 34. b4 gxf5 35. gxf5 a5 36. Kd3 axb4 37. axb4 Kd7 38. Kxd4 Kc6 39.
Kc4 Kd7 40. Kd5 Ke7 1/2-1/2

[Event "4. Bayer Open"]
[Site "Leverkusen"]
[Date "2007.03.26"]
[Round "7"]
[White "Werbeck, Thorsten"]
[Black "Weinmann-Musset, Manfred"]
[Result "1-0"]
[WhiteElo "2102"]
[BlackElo "1852"]
[PlyCount "87"]
[EventDate "2007.??.??"]
[EventType "swiss"]
[EventRounds "7"]
[EventCountry "GER"]
[Source "Manfred Birnkot"]
[SourceDate "2007.03.26"]

1. Nf3 f5 2. d3 d5 3. g3 Nf6 4. Bg2 e6 5. O-O Bd6 6. Nbd2 O-O 7. Re1 c6 8. e4
fxe4 9. dxe4 Ng4 10. Rf1 b5 11. Nb3 Qb6 12. Qe2 a5 13. h3 a4 14. hxg4 axb3 15.
Be3 Qa5 16. cxb3 b4 17. Rfd1 Qc7 18. Kh2 Ba6 19. Qc2 Nd7 20. Rac1 Rxf3 21. Bxf3
Ne5 22. Be2 Bxe2 23. Qxe2 dxe4 24. Bb6 Qxb6 25. Rxd6 Rf8 26. Rf1 Rf3 27. Rxe6
Nxg4+ 28. Kg2 Nf6 29. Rxe4 Nxe4 30. Qxf3 Nf6 31. Rc1 c5 32. Qe3 Qc6+ 33. Kg1
Qd7 34. Qxc5 Qh3 35. Qc8+ Qxc8 36. Rxc8+ Kf7 37. Rc7+ Kg6 38. Rc4 Kf5 39. Rxb4
Ne4 40. Rxe4 Kxe4 41. a4 g5 42. Kg2 g4 43. b4 Kd5 44. Kf1 1-0

[Event "4. Bayer Open"]
[Site "Leverkusen"]
[Date "2007.03.26"]
[Round "7"]
[White "Böhm, Stefan"]
[Black "Pützkaul, Karl"]
[Result "1-0"]
[WhiteElo "1964"]
[BlackElo "1874"]
[PlyCount "135"]
[EventDate "2007.??.??"]
[EventType "swiss"]
[EventRounds "7"]
[EventCountry "GER"]
[Source "Manfred Birnkot"]
[SourceDate "2007.03.26"]

1. d4 Nf6 2. c4 e6 3. Nc3 Bb4 4. Qd3 d5 5. cxd5 exd5 6. Bg5 O-O 7. Nf3 h6 8.
Bh4 Be7 9. e3 c6 10. Be2 Ne4 11. Bxe7 Qxe7 12. O-O Bf5 13. Qd1 Nd7 14. Qb3 Rab8
15. Rfd1 Rfe8 16. Rac1 Bg4 17. Qc2 Bxf3 18. Bxf3 Ndf6 19. Na4 Nd7 20. Bxe4 Qxe4
21. Qxe4 Rxe4 22. b4 Ree8 23. Nc5 Nb6 24. h3 f5 25. Rb1 a6 26. a4 Nc4 27. Rb3
Re7 28. b5 axb5 29. axb5 Ra8 30. bxc6 bxc6 31. Rdb1 Ra2 32. Rb8+ Kf7 33. R1b7
Ra1+ 34. Kh2 Ra7 35. Rxa7 Rxa7 36. Rc8 Ra2 37. Kg3 Nd6 38. Rc7+ Kg8 39. Rxc6
Ne4+ 40. Nxe4 dxe4 41. h4 Kf7 42. h5 Rd2 43. f3 Re2 44. Kf4 Rxg2 45. fxe4 fxe4
46. Kxe4 Rh2 47. Rc5 Rh4+ 48. Kd3 Ke6 49. Re5+ Kd6 50. Kc4 Rh1 51. Ra5 Rc1+ 52.
Kd3 Rd1+ 53. Ke4 Rh1 54. Ra6+ Ke7 55. Ra5 Rh4+ 56. Kf3 Rh3+ 57. Kf4 Rh4+ 58.
Kg3 Re4 59. Re5+ Rxe5 60. dxe5 Kf7 61. Kg4 Ke7 $2 (61... g6 $1 $11) 62. Kf5 Kf7
63. e6+ Ke7 64. Kg6 Kxe6 65. Kxg7 Kf5 66. Kxh6 Kf6 67. e4 Kf7 68. e5 1-0